Nesbru Busser siden 2022 (Dekknavn) - Statistics

General Stats
  • This quiz has been taken 137 times
  • The average score is 7 of 11
Answer Stats
Hint Answer % Correct
A Gutter 2024 Stag
94%
B Gutter 2024 Jets
91%
A Gutter 2023 Jagger
85%
B Gutter 2023 Fatso
74%
C Gutter 2024 Butters
73%
A Gutter 2022 Klask
68%
A Jenter 2024 Joe Mama
62%
A Jenter 2023 Vi Piker
53%
B Gutter 2022 Boner jams
47%
B Jenter 2024 Rumpa Bar
42%
B Jenter 2023 Påtide
35%
No matching quizzes found
Score Distribution
Percent of People with Each Score
Percentile by Number Answered
Your Score History
You have not taken this quiz